Анализ эффективности организации частной школы русского языка в г. Томске; Т. 3

Bibliografiske detaljer
Parent link:Т. 3.— 2009.— С. 39-42
Hovedforfatter: Зоркальцева О. А.
Sprog:russisk
Udgivet: 2009
Fag:
Format: MixedMaterials Book Chapter
KOHA link:https://koha.lib.tpu.ru/cgi-bin/koha/opac-detail.pl?biblionumber=176528

MARC

LEADER 00000naa2a2200000 4500
001 176528
005 20231031165329.0
035 |a (RuTPU)RU\TPU\book\191374 
090 |a 176528 
100 |a 20100301d2009 k y0rusy50 ca 
101 0 |a rus 
102 |a RU 
200 1 |a Анализ эффективности организации частной школы русского языка в г. Томске  |f О. А. Зоркальцева 
320 |a Библиогр.: 2 назв. 
463 0 |0 (RuTPU)RU\TPU\book\186924  |t Т. 3  |v С. 39-42  |d 2009  |p 286 с. 
610 1 |a частные школы 
610 1 |a организация 
610 1 |a Томск 
610 1 |a русский язык 
610 1 |a обучение 
610 1 |a труды учёных ТПУ 
700 1 |a Зоркальцева  |b О. А. 
801 1 |a RU  |b 63413507  |c 20100301 
942 |c BK